S24 駅名クイズ - 横浜市営地下鉄 ver. - Statistics

General Stats
  • This quiz has been taken 262 times
  • The average score is 31 of 42
Answer Stats
Number Answer % Correct
B20 横浜
96%
B29 センター南
95%
B30 センター北
95%
G04 センター南
95%
G05 センター北
95%
B01 湘南台
94%
B25 新横浜
94%
B32 あざみ野
91%
B18 桜木町
89%
B17 関内
87%
G10 日吉
87%
B06 戸塚
85%
B26 北新横浜
82%
G01 中山
82%
B11 上大岡
80%
B19 高島町
80%
B27 新羽
80%
B16 伊勢佐木長者町
77%
B05 踊場
76%
B09 上永谷
74%
B21 三ッ沢下町
74%
B22 三ッ沢上町
74%
B08 下永谷
73%
B12 弘明寺
70%
B24 岸根公園
69%
B28 仲町台
68%
G09 日吉本町
68%
B31 中川
66%
G03 都筑ふれあいの丘
63%
G06 北山田
63%
B03 立場
61%
B10 港南中央
61%
B13 蒔田
61%
G07 東山田
61%
B02 下飯田
60%
B07 舞岡
59%
B23 片倉町
59%
B15 阪東橋
58%
G02 川和町
56%
B04 中田
55%
B14 吉野町
54%
G08 高田
53%
No matching quizzes found
Score Distribution
Percent of People with Each Score
Percentile by Number Answered
Your Score History
You have not taken this quiz